| 000 | 00740nam0a22002291 4500 | ||
|---|---|---|---|
| 001 | rc\2747197 | ||
| 005 | 20260406112734.0 | ||
| 035 | _a(NLR Aleph) 006874237 | ||
| 090 |
_a6979898 _c6979898 |
||
| 100 | _a20110915d1939 |||y0rusy50 ca | ||
| 101 | 0 | _arus | |
| 102 | _aRU | ||
| 105 | _aac z |||a| | ||
| 200 | 1 |
_aСтихи _fСергей Михалков |
|
| 210 |
_aМосква _cСов. писатель _d1939 |
||
| 215 |
_a100 с., 1 вкл. л. портр. _cил. _d17 см. |
||
| 700 | 1 |
_7ca _8rus _aМихалков _bС. В. _cписатель _f1913-2009 _gСергей Владимирович _9110194 _3RU\NLR\AUTH\7792 |
|
| 801 | 0 |
_aRU _bNLR _gpsbo |
|
| 801 | 1 |
_aRU _bELAR _2rusmarc |
|
| 852 |
_aNLR _j39-9/972 |
||
| 942 | _cBOOK | ||
| 980 | _aNB | ||